Engineering mathematics-1 : for the first sem BE course of VTU (Record no. 197446)

MARC details
000 -LEADER
fixed length control field 00480nam a2200181Ia 4500
003 - CONTROL NUMBER IDENTIFIER
control field OSt
005 - DATE AND TIME OF LATEST TRANSACTION
control field 20250110171313.0
008 - FIXED-LENGTH DATA ELEMENTS--GENERAL INFORMATION
fixed length control field 231217s9999 xx 000 0 und d
040 ## - CATALOGING SOURCE
Transcribing agency 0
041 ## - LANGUAGE CODE
Language code of text/sound track or separate title English
082 ## - DEWEY DECIMAL CLASSIFICATION NUMBER
Classification number 510.02462 KSC.1;7
100 ## - MAIN ENTRY--PERSONAL NAME
Personal name Chandrashekar, K S.
245 #0 - TITLE STATEMENT
Title Engineering mathematics-1 : for the first sem BE course of VTU
260 ## - PUBLICATION, DISTRIBUTION, ETC.
Date of publication, distribution, etc. 2010-11
Name of publisher, distributor, etc. Dorling Kindersley
Place of publication, distribution, etc. South Asia
300 ## - PHYSICAL DESCRIPTION
Extent 447
650 ## - SUBJECT ADDED ENTRY--TOPICAL TERM
Topical term or geographic name entry element mathematics-1,BE
942 ## - ADDED ENTRY ELEMENTS (KOHA)
Koha item type Books
Source of classification or shelving scheme Dewey Decimal Classification
Holdings
Date last seen Total checkouts Full call number Accession number Price effective from Category Lost status Damaged status Department Withdrawn status Home library Current library Shelving location Entry date Grants Currency symbol Conversion rate Discount Old discount
26/01/2024   510.02462 KSC.1;7 90809 26/01/2024 Books     Central Library   Central Library Central Library Central Library 18/11/2016 DONATED RS 1    

© For any Suggestions or Query, please contact the library staff @ librarian@pes.edu or Phone: +9180 2672 1983/ 2108.